[Event "Israel Championship 2021"]
[Site "Haifa"]
[Date "2021.03.13"]
[Round "7.11"]
[White "Lahav, Michal"]
[Black "Solomon, Asif"]
[Result "0-1"]
[WhiteElo "2216"]
[BlackElo "2356"]
[Annotator "TA"]
[PlyCount "124"]
[EventDate "2021.01.10"]
[EventType "swiss"]
[EventCountry "ISR"]
[SourceTitle "playchess.com"]
[Source "ChessBase"]
[SourceQuality "1"]

{[%evp 16,124,25,19,18,0,10,-10,8,0,-6,-8,27,16,31,27,214,215,171,145,131,77,83,29,208,191,171,118,239,242,249,181,206,195,182,169,185,199,191,200,373,378,340,178,174,173,164,109,210,90,227,221,331,324,429,412,450,435,508,500,496,487,496,490,477,451,387,-33,-48,-167,-143,-138,-51,-95,-87,-96,-99,-201,-209,-205,-149,-286,-60,-60,-64,-231,-201,-201,-197,-495,-8,-8,-8,-8,-8,-8,-8,-8,-8,-29979,-29980,-29980,-29981,-29984,-29985,-29986,-29987,-29987,-29987,-29989,-29990]} 1. e4 c5 2. c3 Nf6 3. e5 Nd5 4. Nf3 e6 5. d4 cxd4 6. cxd4 d6 7. Bc4 Nc6 8. O-O Be7 9. Qe2 O-O {B22: Sicilian: 2 c3.} 10. Bb3 {10.Rd1 is becoming the main line.} Bd7 11. Qe4 Rc8 {The position is equal.} 12. Nc3 Nxc3 13. bxc3 dxe5 14. dxe5 {[#]} Qc7 $146 ({Predecessor:} 14... Qa5 15. Bc2 g6 16. Bh6 Rfd8 17. Qf4 Qxc3 18. Rac1 Qb4 19. Be4 Nd4 20. Nxd4 Qxd4 21. Bxb7 Qxf4 22. Bxf4 Rxc1 23. Rxc1 {1-0 (57) Kislinsky,A (2463)-Pichot,A (2630) Chess.com INT 2021}) 15. Bg5 $40 {[%mdl 128] White mounts an attack.} f6 $2 (15... Bxg5 $11 {and Black is okay.} 16. Nxg5 g6) 16. exf6 $18 Bxf6 17. Rad1 (17. Bxe6+ $6 Bxe6 18. Qxe6+ Qf7 $14) 17... Rce8 18. Rd3 (18. h4 $142) 18... Na5 $16 19. Bc2 (19. Bxf6 $16 Rxf6 20. Qe5 Qxe5 21. Nxe5) 19... g6 $2 (19... Bc6 $11 {and Black has nothing to worry.} 20. Qxh7+ Kxh7 21. Rd7+ {[%mdl 64] Discovered Attack} Kg8 22. Rxc7 Rc8 23. Rxc8 Rxc8) 20. Bxf6 $18 Rxf6 21. Qh4 ({Better is} 21. Qd4 $18 Rf7 22. Ng5 (22. Qxa7 Bb5 $15)) 21... Rf7 (21... Ref8 $16) 22. Ng5 $1 {[%cal Rg5f7]} Rg7 {intending ...Bb5.} 23. Rfd1 {Black must now prevent Ne4.} Rf8 24. Rh3 Qf4 25. Nxh7 {aiming for g4.} Qxh4 26. Rxh4 Rxh7 27. Rxh7 Kxh7 $2 (27... Ba4 {was necessary.} 28. Rdd7 (28. Bxa4 Kxh7 29. Re1 Rc8 $16) 28... Bxd7 29. Rxd7 Rf7) 28. Rxd7+ {[%mdl 4096] Endgame KRB-KRN} Kh6 29. Kf1 (29. h4 $142) 29... Rc8 30. Rd3 Rc6 31. f4 (31. Ke2 $18) 31... Nc4 (31... e5 $16 {was called for.}) 32. Rh3+ $1 Kg7 33. Rg3 $1 e5 (33... b5 {keeps fighting.} 34. Bxg6 (34. Rxg6+ Kf7 $18) 34... Kf6) 34. f5 $1 Rd6 35. Ke1 Na3 36. Bd3 Kf8 37. fxg6 {Threatening mate with g7+.} Kg7 38. h4 e4 39. Bxe4 Re6 40. Rg4 Nb1 41. Kf1 $2 (41. Kf2 $18 Nxc3 42. Bxb7) 41... Nd2+ $15 {[%mdl 64] Double Attack} 42. Kg1 (42. Ke2 $15 Rxe4+ 43. Rxe4 Nxe4 44. Kd3) 42... Rxe4 $19 {KRN-KR} 43. Rg5 Re1+ ({Black should play} 43... Rxh4 $17 {Threatens to win with ...Ra4.} 44. Rd5 Ne4 45. Rd7+ Kxg6 46. Rxb7 Rh7 47. Rxh7 Kxh7) 44. Kf2 Re7 {Strongly threatening ...Ne4+.} 45. Ra5 b6 46. Ra3 (46. Rd5 $17 Ne4+ 47. Kf3) 46... Kxg6 47. g4 a5 {And now ...Re4 would win.} 48. c4 (48. Ra4 $17 {was forced.}) 48... Re4 $2 (48... Nxc4 $19 49. Rh3 Ne5) 49. c5 $15 Nc4 50. Rf3 (50. h5+ $1 $15 Kh6 51. Rg3) 50... bxc5 51. h5+ Kg7 $1 52. Rf5 $2 (52. g5 {was worth a try.}) 52... Re5 $2 (52... Ne5 $19 53. Rg5+ Kh6) 53. Rxe5 $11 Nxe5 {KN-K3P} 54. g5 Nf7 (54... Nd3+ {is more complex.} 55. Ke3 Nb4 56. a4 Nd5+ 57. Kd3 Nb6) 55. g6 {[%cal Rg6f7]} Nh6 (55... Nd6 {keeps more tension.} 56. Ke3 a4 57. Kd3 Kf6 58. Kc3 Ke6) 56. Ke3 Kf6 57. Kd3 $2 {[%mdl 8192]} (57. Ke4 $11) 57... Ke5 {Black mates.} 58. Kc4 {[#]} Kd6 $1 59. Kb5 Kd5 60. Kxa5 c4 {[%cal Bc5c4,Bc4c3][%mdl 32]} 61. Kb4 {[#]} Kd4 $1 62. a4 c3 {Never resign too early!  Weighted Error Value: White=0.52/Black=0.46} 0-1

[Event "Israel Championship 2021"]
[Site "Haifa"]
[Date "2021.03.13"]
[Round "7.12"]
[White "Kupervaser, Erez"]
[Black "Gruenfeld, Yehuda"]
[Result "1-0"]
[WhiteElo "2371"]
[BlackElo "2412"]
[Annotator "NA"]
[PlyCount "69"]
[EventDate "2021.01.10"]
[EventType "swiss"]
[EventCountry "ISR"]
[SourceTitle "playchess.com"]
[Source "ChessBase"]
[SourceQuality "1"]
[TimeControl "40/5400+30:3600+30"]

1. e4 {[%emt 0:01:46]} c5 {[%emt 0:00:00]} 2. Nf3 {[%emt 0:00:07]} d6 {[%emt 0:00:00]} 3. Bb5+ {[%emt 0:00:34]} Bd7 {[%emt 0:00:32]} 4. Bxd7+ {[%emt 0:00:13]} Qxd7 {[%emt 0:00:07]} 5. O-O {[%emt 0:00:10]} Nf6 {[%emt 0:00:07]} 6. e5 {[%emt 0:02:27]} dxe5 {[%emt 0:00:05]} 7. Nxe5 {[%emt 0:00:06]} Qc8 {[%emt 0:00:11]} 8. a4 {[%emt 0:01:57]} Nc6 {[%emt 0:01:49]} 9. Nc4 {[%emt 0:00:12]} e6 {[%emt 0:00:18]} 10. Re1 {[%emt 0:00:09]} Be7 {[%emt 0:00:06]} 11. Ra3 {[%emt 0:03:41]} O-O {[%emt 0:00:46]} 12. Rg3 {[%emt 0:00:08]} Rd8 {[%emt 0:13:51]} 13. Nc3 {[%emt 0:03:05]} Nd4 {[%emt 0:14:43]} 14. d3 {[%emt 0:02:46]} Qc7 {[%emt 0:04:17]} 15. Bg5 {[%emt 0:12:16]} g6 {[%emt 0:15:32]} 16. Qc1 {[%emt 0:08:16]} Nh5 {[%emt 0:10:51]} 17. Bxe7 {[%emt 0:04:26]} Qxe7 {[%emt 0:00:42]} 18. Rh3 {[%emt 0:02:12]} f5 {[%emt 0:03:45]} 19. Nb5 {[%emt 0:07:21]} Nxb5 {[%emt 0:04:42]} 20. axb5 {[%emt 0:00:08]} Re8 {[%emt 0:03:01]} 21. Qe3 {[%emt 0:06:34]} a6 {[%emt 0:02:29]} 22. Nb6 {[%emt 0:02:20]} Rad8 {[%emt 0:00:22]} 23. bxa6 {[%emt 0:00:35]} bxa6 {[%emt 0:01:53]} 24. Qe5 {[%emt 0:06:38]} Ng7 {[%emt 0:04:28]} 25. Rhe3 {[%emt 0:01:22]} Qd6 {[%emt 0:04:37]} 26. Nc4 {[%emt 0:01:29]} Qc6 {[%emt 0:00:57]} 27. Qc3 {[%emt 0:04:08]} Rd5 {[%emt 0:03:45]} 28. Ra1 {[%emt 0:01:05]} Re7 {[%emt 0:02:04]} 29. Ree1 {[%emt 0:03:34]} Nh5 {[%emt 0:01:59]} 30. Ra5 {[%emt 0:01:59]} f4 {[%emt 0:01:19]} 31. Nd2 {[%emt 0:03:45]} Ra7 {[%emt 0:02:59]} 32. b3 {[%emt 0:01:11]} f3 {[%emt 0:01:20]} 33. g3 {[%emt 0:01:17]} Rf5 {[%emt 0:00:49]} 34. Ne4 {[%emt 0:00:51]} Kf7 {[%emt 0:00:26]} 35. g4 {[%emt 0:02:19]} 1-0

[Event "Israel Championship 2021"]
[Site "Haifa"]
[Date "2021.03.13"]
[Round "7.13"]
[White "Kochavi, Ori"]
[Black "Shohat, Yotam"]
[Result "1-0"]
[WhiteElo "2273"]
[BlackElo "2371"]
[Annotator "ChessBase"]
[PlyCount "109"]
[EventDate "2021.01.10"]
[EventType "swiss"]
[EventCountry "ISR"]
[SourceTitle "playchess.com"]
[Source "ChessBase"]
[SourceQuality "1"]
[TimeControl "40/5400+30:3600+30"]

1. Nf3 {[%emt 0:00:33]} Nf6 {[%emt 0:01:00]} 2. e3 {[%emt 0:00:11]} g6 {[%emt 0:00:09]} 3. b4 {[%emt 0:00:03]} Bg7 {[%emt 0:00:05]} 4. Bb2 {[%emt 0:00:02]} O-O {[%emt 0:00:07]} 5. c4 {[%emt 0:00:25]} d6 {[%emt 0:00:05]} 6. d4 {[%emt 0:00:04]} Nbd7 {[%emt 0:00:12]} 7. Be2 {[%emt 0:00:22]} e5 {[%emt 0:05:45]} 8. Nc3 {[%emt 0:00:13]} Re8 {[%emt 0:00:41]} 9. O-O {[%emt 0:00:06]} e4 {[%emt 0:01:52]} 10. Nd2 {[%emt 0:00:03]} Nf8 {[%emt 0:00:21]} 11. Qc2 {[%emt 0:00:10]} Bf5 {[%emt 0:00:51]} 12. a4 {[%emt 0:00:03]} h5 {[%emt 0:00:34]} 13. a5 {[%emt 0:00:38]} a6 {[%emt 0:00:05]} 14. b5 {[%emt 0:01:14]} N8h7 {[%emt 0:01:26]} 15. c5 {[%emt 0:07:42]} d5 {[%emt 0:25:45]} 16. c6 {[%emt 0:03:27]} bxc6 {[%emt 0:00:20]} 17. bxa6 {[%emt 0:00:02]} c5 {[%emt 0:04:09]} 18. Bb5 {[%emt 0:21:55]} Re6 {[%emt 0:32:09]} 19. Nb3 {[%emt 0:15:45]} Ng4 {[%emt 0:08:23]} 20. h3 {[%emt 0:11:10]} Ng5 {[%emt 0:08:27]} 21. Ne2 {[%emt 0:22:44]} Bh6 {[%emt 0:05:20]} 22. Ng3 {[%emt 0:01:42]} Nxh3+ {[%emt 0:00:29]} 23. gxh3 {[%emt 0:00:03]} Qh4 {[%emt 0:00:08]} 24. hxg4 {[%emt 0:00:47]} Bxg4 {[%emt 0:00:11]} 25. Rfe1 {[%emt 0:04:06]} c4 {[%emt 0:00:22]} 26. Bxc4 {[%emt 0:02:47]} dxc4 {[%emt 0:00:02]} 27. Qxc4 {[%emt 0:00:04]} Rf6 {[%emt 0:01:51]} 28. Qf1 {[%emt 0:02:31]} Bh3 {[%emt 0:01:41]} 29. Qe2 {[%emt 0:01:13]} Bg4 {[%emt 0:00:06]} 30. Qf1 {[%emt 0:00:03]} Bh3 {[%emt 0:01:12]} 31. Qe2 {[%emt 0:00:18]} Bg4 {[%emt 0:00:05]} 32. Qf1 {[%emt 0:00:41]} Bf3 {[%emt 0:00:51]} 33. Rac1 {[%emt 0:02:24]} Qg4 {[%emt 0:00:50]} 34. Kh2 {[%emt 0:00:03]} h4 {[%emt 0:00:23]} 35. Qh3 {[%emt 0:00:32]} hxg3+ {[%emt 0:00:14]} 36. fxg3 {[%emt 0:00:46]} Rf5 {[%emt 0:01:06]} 37. Rc5 {[%emt 0:00:10]} Qxh3+ {[%emt 0:00:33]} 38. Kxh3 {[%emt 0:00:04]} Rxa6 {[%emt 0:00:11]} 39. g4 {[%emt 0:00:32]} Rg5 {[%emt 0:00:47]} 40. Rxg5 {[%emt 0:00:14]} Bxg5 {[%emt 0:00:01]} 41. d5 {[%emt 1:02:57]} f5 {[%emt 0:31:49]} 42. Be5 {[%emt 0:00:00]} Bxg4+ {[%emt 0:10:02]} 43. Kg3 {[%emt 0:00:00]} Ra7 {[%emt 0:01:17]} 44. Bd4 {[%emt 0:00:00]} Ra8 {[%emt 0:13:12]} 45. Rc1 {[%emt 0:00:00]} Be7 {[%emt 0:01:07]} 46. Be5 {[%emt 0:00:00]} Bd6 {[%emt 0:00:08]} 47. Bxd6 {[%emt 0:00:00]} cxd6 {[%emt 0:00:02]} 48. Kf4 {[%emt 0:00:00]} Kf7 {[%emt 0:01:51]} 49. Kg5 {[%emt 0:00:00]} Ra7 {[%emt 0:00:07]} 50. Rc6 {[%emt 0:00:00]} Bd1 {[%emt 0:01:01]} 51. Nd4 {[%emt 0:00:00]} Rxa5 {[%emt 0:00:55]} 52. Rc7+ {[%emt 0:00:00]} Ke8 {[%emt 0:00:22]} 53. Kf6 {[%emt 0:00:00]} Ba4 {[%emt 0:00:10]} 54. Ne6 {[%emt 0:00:00]} Bd7 {[%emt 0:00:15]} 55. Rb7 {[%emt 0:00:00]} 1-0

[Event "Israel Championship 2021"]
[Site "Haifa"]
[Date "2021.03.13"]
[Round "7.14"]
[White "Efroimski, Marsel"]
[Black "Parnes, Nadav"]
[Result "1-0"]
[WhiteElo "2357"]
[BlackElo "2273"]
[Annotator "NA"]
[PlyCount "73"]
[EventDate "2021.01.10"]
[EventType "swiss"]
[EventCountry "ISR"]
[SourceTitle "playchess.com"]
[Source "ChessBase"]
[SourceQuality "1"]
[TimeControl "40/5400+30:3600+30"]

1. e4 {[%emt 0:02:33]} d6 {[%emt 0:00:00]} 2. d4 {[%emt 0:00:03]} Nf6 {[%emt 0:00:00]} 3. Nc3 {[%emt 0:00:03]} g6 {[%emt 0:00:00]} 4. Bf4 {[%emt 0:00:02]} c6 {[%emt 0:00:09]} 5. Qd2 {[%emt 0:00:22]} Nbd7 {[%emt 0:00:12]} 6. Nf3 {[%emt 0:06:14]} Bg7 {[%emt 0:01:17]} 7. Bh6 {[%emt 0:00:12]} O-O {[%emt 0:01:28]} 8. h4 {[%emt 0:01:05]} e5 {[%emt 0:02:29]} 9. h5 {[%emt 0:03:43]} Nxh5 {[%emt 0:04:16]} 10. O-O-O {[%emt 0:00:05]} Bxh6 {[%emt 0:12:28]} 11. Qxh6 {[%emt 0:00:10]} Qf6 {[%emt 0:00:14]} 12. dxe5 {[%emt 0:07:07]} dxe5 {[%emt 0:02:08]} 13. Rxd7 {[%emt 0:02:37]} Bxd7 {[%emt 0:01:15]} 14. Rxh5 {[%emt 0:00:01]} Qf4+ {[%emt 0:04:14]} 15. Qxf4 {[%emt 0:00:10]} exf4 {[%emt 0:00:03]} 16. Rh1 {[%emt 0:00:04]} f6 {[%emt 0:01:39]} 17. Bd3 {[%emt 0:05:03]} Kg7 {[%emt 0:13:32]} 18. Ne2 {[%emt 0:00:34]} g5 {[%emt 0:01:02]} 19. e5 {[%emt 0:00:11]} h6 {[%emt 0:00:30]} 20. exf6+ {[%emt 0:01:04]} Rxf6 {[%emt 0:02:11]} 21. Nxg5 {[%emt 0:00:06]} Bg4 {[%emt 0:13:20]} 22. f3 {[%emt 0:04:30]} hxg5 {[%emt 0:04:49]} 23. Rh7+ {[%emt 0:00:04]} Kg8 {[%emt 0:00:09]} 24. fxg4 {[%emt 0:00:02]} b5 {[%emt 0:01:03]} 25. Rh5 {[%emt 0:00:16]} Kf7 {[%emt 0:00:10]} 26. Rxg5 {[%emt 0:00:24]} Rg8 {[%emt 0:00:15]} 27. Rxg8 {[%emt 0:00:21]} Kxg8 {[%emt 0:00:05]} 28. Bf5 {[%emt 0:00:11]} Rh6 {[%emt 0:01:19]} 29. Nxf4 {[%emt 0:00:33]} Rh1+ {[%emt 0:00:06]} 30. Kd2 {[%emt 0:00:02]} Rb1 {[%emt 0:00:34]} 31. Nd3 {[%emt 0:00:47]} c5 {[%emt 0:00:44]} 32. b3 {[%emt 0:02:45]} Rg1 {[%emt 0:00:54]} 33. Nxc5 {[%emt 0:02:56]} Rxg2+ {[%emt 0:00:05]} 34. Kc3 {[%emt 0:00:01]} a5 {[%emt 0:00:51]} 35. Nb7 {[%emt 0:00:42]} Rg3+ {[%emt 0:00:34]} 36. Kd4 {[%emt 0:00:39]} a4 {[%emt 0:00:20]} 37. Ke4 {[%emt 1:02:48]} 1-0

[Event "Israel Championship 2021"]
[Site "Haifa"]
[Date "2021.03.13"]
[Round "7.15"]
[White "Stolyarsky, Yegor"]
[Black "Aizenberg, Benny"]
[Result "0-1"]
[WhiteElo "2063"]
[BlackElo "2307"]
[Annotator "NA"]
[PlyCount "92"]
[EventDate "2021.01.10"]
[EventType "swiss"]
[EventCountry "ISR"]
[SourceTitle "playchess.com"]
[Source "ChessBase"]
[SourceQuality "1"]
[TimeControl "40/5400+30:3600+30"]

1. d4 {[%emt 0:00:04]} Nf6 {[%emt 0:00:00]} 2. Nf3 {[%emt 0:00:14]} c5 {[%emt 0:00:00]} 3. d5 {[%emt 0:00:13]} b5 {[%emt 0:00:00]} 4. c4 {[%emt 0:00:14]} g6 {[%emt 0:00:00]} 5. cxb5 {[%emt 0:00:20]} a6 {[%emt 0:00:00]} 6. b6 {[%emt 0:00:12]} d6 {[%emt 0:00:00]} 7. Nc3 {[%emt 0:00:21]} Nbd7 {[%emt 0:00:00]} 8. e4 {[%emt 0:00:43]} Bg7 {[%emt 0:00:02]} 9. Be2 {[%emt 0:00:43]} O-O {[%emt 0:00:27]} 10. a4 {[%emt 0:00:15]} a5 {[%emt 0:00:41]} 11. Nd2 {[%emt 0:01:15]} Nxb6 {[%emt 0:01:14]} 12. O-O {[%emt 0:00:53]} Ba6 {[%emt 0:01:58]} 13. Nb5 {[%emt 0:00:28]} Rb8 {[%emt 0:01:05]} 14. Ra2 {[%emt 0:02:36]} Na8 {[%emt 0:09:57]} 15. b3 {[%emt 0:04:23]} Nc7 {[%emt 0:01:57]} 16. Na7 {[%emt 0:00:28]} Bxe2 {[%emt 0:01:12]} 17. Qxe2 {[%emt 0:00:07]} Qd7 {[%emt 0:03:27]} 18. Nc6 {[%emt 0:00:29]} Ra8 {[%emt 0:00:14]} 19. Nc4 {[%emt 0:00:30]} Ncxd5 {[%emt 0:00:30]} 20. exd5 {[%emt 0:03:48]} Nxd5 {[%emt 0:03:36]} 21. Nxe7+ {[%emt 0:00:30]} Nxe7 {[%emt 0:00:30]} 22. Nb6 {[%emt 0:01:28]} Qb7 {[%emt 0:09:42]} 23. Nxa8 {[%emt 0:00:51]} Nf5 {[%emt 0:01:20]} 24. Bb2 {[%emt 0:03:50]} Rxa8 {[%emt 0:02:18]} 25. Bxg7 {[%emt 0:00:21]} Kxg7 {[%emt 0:00:12]} 26. Qc4 {[%emt 0:00:30]} Nd4 {[%emt 0:00:30]} 27. Rd1 {[%emt 0:00:30]} Re8 {[%emt 0:00:30]} 28. Rad2 {[%emt 0:00:30]} Re4 {[%emt 0:00:30]} 29. Rxd4 {[%emt 0:00:30]} cxd4 {[%emt 0:00:30]} 30. f3 {[%emt 0:06:06]} Rf4 {[%emt 0:23:43]} 31. g3 {[%emt 0:05:01]} Qxf3 {[%emt 0:06:23]} 32. Qd3 {[%emt 0:00:55]} Qg4 {[%emt 0:07:47]} 33. b4 {[%emt 0:01:40]} axb4 {[%emt 0:02:16]} 34. h3 {[%emt 0:00:30]} Qg5 {[%emt 0:00:30]} 35. a5 {[%emt 0:00:30]} Rf6 {[%emt 0:00:30]} 36. Ra1 {[%emt 0:00:30]} Qd5 {[%emt 0:00:30]} 37. a6 {[%emt 0:00:30]} Rf3 {[%emt 0:00:30]} 38. Qe2 {[%emt 0:00:30]} Rxg3+ {[%emt 0:00:30]} 39. Kh2 {[%emt 0:04:36]} Re3 {[%emt 0:08:26]} 40. Qf2 {[%emt 0:00:30]} Qe5+ {[%emt 0:00:30]} 41. Kg1 {[%emt 1:00:30]} Rg3+ {[%emt 1:00:30]} 42. Kf1 {[%emt 0:00:30]} Qb5+ {[%emt 0:00:30]} 43. Qe2 {[%emt 0:00:30]} Rf3+ {[%emt 0:00:30]} 44. Ke1 {[%emt 0:00:30]} Re3 {[%emt 0:00:30]} 45. Qxe3 {[%emt 0:00:30]} dxe3 {[%emt 0:00:30]} 46. a7 {[%emt 0:00:30]} Qd5 {[%emt 0:00:30]} 0-1

[Event "Israel Championship 2021"]
[Site "Haifa"]
[Date "2021.03.13"]
[Round "7.16"]
[White "Ben Artzi, Ido"]
[Black "Katz, Kiril"]
[Result "1-0"]
[WhiteElo "2368"]
[BlackElo "1957"]
[Annotator "NA"]
[PlyCount "55"]
[EventDate "2021.01.10"]
[EventType "swiss"]
[EventCountry "ISR"]
[SourceTitle "playchess.com"]
[Source "ChessBase"]
[SourceQuality "1"]
[TimeControl "40/5400+30:3600+30"]

1. d4 {[%emt 0:00:43]} Nf6 {[%emt 0:00:00]} 2. Nf3 {[%emt 0:01:56]} g6 {[%emt 0:00:00]} 3. Nbd2 {[%emt 0:00:40]} Bg7 {[%emt 0:00:00]} 4. e4 {[%emt 0:00:40]} d6 {[%emt 0:00:05]} 5. Bd3 {[%emt 0:00:12]} O-O {[%emt 0:00:09]} 6. O-O {[%emt 0:00:09]} e5 {[%emt 0:01:09]} 7. c3 {[%emt 0:00:11]} Nc6 {[%emt 0:00:11]} 8. dxe5 {[%emt 0:02:57]} Nxe5 {[%emt 0:02:26]} 9. Nxe5 {[%emt 0:00:10]} dxe5 {[%emt 0:00:05]} 10. Nc4 {[%emt 0:00:04]} Qe7 {[%emt 0:02:50]} 11. b3 {[%emt 0:04:47]} Rd8 {[%emt 0:02:46]} 12. Ba3 {[%emt 0:00:38]} Qe8 {[%emt 0:09:19]} 13. Qe2 {[%emt 0:02:50]} b6 {[%emt 0:05:08]} 14. Rfd1 {[%emt 0:04:00]} Ba6 {[%emt 0:08:55]} 15. f3 {[%emt 0:03:37]} Nh5 {[%emt 0:02:55]} 16. g3 {[%emt 0:00:14]} Qe6 {[%emt 0:05:40]} 17. Ne3 {[%emt 0:02:34]} Bxd3 {[%emt 0:03:06]} 18. Rxd3 {[%emt 0:01:26]} Rxd3 {[%emt 0:00:41]} 19. Qxd3 {[%emt 0:00:09]} Bh6 {[%emt 0:02:51]} 20. Rd1 {[%emt 0:06:58]} Qh3 {[%emt 0:15:20]} 21. Ng4 {[%emt 0:04:59]} Bg5 {[%emt 0:01:27]} 22. Qd7 {[%emt 0:05:21]} Kg7 {[%emt 0:01:19]} 23. Qxc7 {[%emt 0:01:35]} Re8 {[%emt 0:02:27]} 24. Rd7 {[%emt 0:04:07]} Kg8 {[%emt 0:03:29]} 25. Rxf7 {[%emt 0:12:27]} Rd8 {[%emt 0:02:57]} 26. Nh6+ {[%emt 0:01:13]} Bxh6 {[%emt 0:00:35]} 27. Qxd8+ {[%emt 0:00:08]} Kxf7 {[%emt 0:00:04]} 28. Qe7+ {[%emt 0:00:12]} 1-0

[Event "Israel Championship 2021"]
[Site "Haifa"]
[Date "2021.03.14"]
[Round "8.1"]
[White "Mikhalevski, Victor"]
[Black "Boruchovsky, Avital"]
[Result "1-0"]
[WhiteElo "2552"]
[BlackElo "2541"]
[Annotator "TA"]
[PlyCount "65"]
[EventDate "2021.01.10"]
[EventType "swiss"]
[EventCountry "ISR"]
[SourceTitle "playchess.com"]
[Source "ChessBase"]
[SourceQuality "1"]

{[%evp 9,65,19,16,32,25,0,0,-15,-12,-14,25,-10,-1,-11,-7,-14,0,-19,-3,-19,-17,-46,-4,-33,27,-19,40,35,43,5,28,22,50,10,61,61,126,121,248,145,168,126,610,632,612,594,759,799,786,796,782,709,983,940,1674,1528,2275,2100]} 1. Nf3 d5 2. g3 e6 3. Bg2 Nf6 4. O-O b5 5. d3 Be7 6. e4 {A07: Réti Opening: New York and Capablanca Systems.} c6 {[#]} 7. e5 $146 ({Predecessor:} 7. Nbd2 a5 8. Re1 b4 9. e5 Nfd7 10. h4 Na6 11. Nf1 Nac5 12. N1h2 a4 13. a3 bxa3 14. bxa3 {1-0 (40) Valkesalmi,K (2410)-Pyhala,A (2385) Helsinki 1989}) 7... Nfd7 8. h4 {The position is equal.} O-O 9. Re1 b4 10. Nbd2 c5 11. Nf1 Nc6 12. N1h2 a5 {[%cal Ba7a5,Ba5a4][%mdl 32]} 13. Bf4 a4 14. c4 Nb6 15. Qe2 Bb7 16. h5 Na5 (16... h6 $15) 17. Rac1 Ra7 (17... h6 $11) 18. h6 $14 g6 $1 19. Ng4 Nd7 20. Red1 Re8 21. Qe3 Qa8 (21... d4 $11 22. Qe2 Nc6) 22. Bg5 Bf8 (22... d4 $14 23. Qf4 Bxf3 24. Bxe7 Rxe7 25. Bxf3 Qd8) 23. Qf4 Nc6 (23... d4 $16 24. Bf6 Bc6) 24. cxd5 (24. d4 $18) 24... exd5 $16 25. Bf6 Ne7 $2 {[%mdl 8192]} (25... Ra6 $16) 26. e6 $18 {White is clearly winning.} fxe6 27. Nfe5 ({Worse is} 27. Qd6 {[#]} Nf5 $1 $17) 27... Nxe5 28. Bxe5 {[#] Strongly threatening Qf6.} Nf5 29. Nf6+ Kf7 30. g4 Bxh6 31. Qh2 Rh8 32. Rxc5 Bg7 33. gxf5 {Weighted Error Value: White=0.15/Black=0.57} 1-0

[Event "Israel Championship 2021"]
[Site "Haifa"]
[Date "2021.03.14"]
[Round "8.2"]
[White "Gorshtein, Ido"]
[Black "Parkhov, Yair"]
[Result "1/2-1/2"]
[WhiteElo "2387"]
[BlackElo "2407"]
[Annotator "ChessBase"]
[PlyCount "69"]
[EventDate "2021.01.10"]
[EventType "swiss"]
[EventCountry "ISR"]
[SourceTitle "playchess.com"]
[Source "ChessBase"]
[SourceQuality "1"]
[TimeControl "40/5400+30:3600+30"]

1. c4 {[%emt 0:00:00]} c6 {[%emt 0:00:00]} 2. Nc3 {[%emt 0:00:12]} d5 {[%emt 0:00:00]} 3. d4 {[%emt 0:00:02]} Nf6 {[%emt 0:00:00]} 4. Nf3 {[%emt 0:02:32]} e6 {[%emt 0:02:00]} 5. cxd5 {[%emt 0:00:23]} exd5 {[%emt 0:00:12]} 6. Bg5 {[%emt 0:01:29]} h6 {[%emt 0:00:19]} 7. Bh4 {[%emt 0:02:30]} Bf5 {[%emt 0:00:10]} 8. e3 {[%emt 0:02:37]} Nbd7 {[%emt 0:00:11]} 9. Bd3 {[%emt 0:00:45]} Bxd3 {[%emt 0:00:11]} 10. Qxd3 {[%emt 0:00:02]} Bd6 {[%emt 0:00:13]} 11. Bg3 {[%emt 0:00:21]} Bxg3 {[%emt 0:04:29]} 12. hxg3 {[%emt 0:00:02]} Qe7 {[%emt 0:01:23]} 13. Rb1 {[%emt 0:01:39]} a5 {[%emt 0:10:22]} 14. Nd2 {[%emt 0:05:51]} O-O {[%emt 0:00:24]} 15. f3 {[%emt 0:00:12]} h5 {[%emt 0:09:56]} 16. Kf2 {[%emt 0:00:44]} g6 {[%emt 0:00:17]} 17. Nb3 {[%emt 0:06:10]} Kg7 {[%emt 0:02:44]} 18. Nc1 {[%emt 0:00:26]} b5 {[%emt 0:05:27]} 19. Qd2 {[%emt 0:12:03]} Nb6 {[%emt 0:03:19]} 20. b3 {[%emt 0:00:22]} b4 {[%emt 0:07:21]} 21. N3e2 {[%emt 0:04:47]} Nc8 {[%emt 0:00:13]} 22. Nd3 {[%emt 0:01:16]} Nd6 {[%emt 0:00:14]} 23. Nc5 {[%emt 0:00:11]} Nf5 {[%emt 0:04:20]} 24. Nf4 {[%emt 0:03:37]} Rae8 {[%emt 0:03:26]} 25. Rbe1 {[%emt 0:00:16]} Qd6 {[%emt 0:03:01]} 26. Qd3 {[%emt 0:09:39]} Re7 {[%emt 0:04:09]} 27. Re2 {[%emt 0:06:50]} Rfe8 {[%emt 0:00:26]} 28. Rhe1 {[%emt 0:00:15]} Kg8 {[%emt 0:05:41]} 29. Qb1 {[%emt 0:14:30]} Nh6 {[%emt 0:10:55]} 30. Qc1 {[%emt 0:04:01]} g5 {[%emt 0:05:55]} 31. Nfd3 {[%emt 0:03:03]} Nhg4+ {[%emt 0:00:55]} 32. fxg4 {[%emt 0:02:09]} Nxg4+ {[%emt 0:00:08]} 33. Kg1 {[%emt 0:00:07]} Qxg3 {[%emt 0:00:20]} 34. Nf2 {[%emt 0:00:02]} f5 {[%emt 0:08:33]} 35. Ncd3 {[%emt 0:06:33]} 1/2-1/2